000
00209 a2200097 4500
001
8944
100
_a
Bwefon, S. H.
245
_a
Writing & Reading in English
260
_a
_b
Longmans
_c
090
_c
7133
_d
7133
942
_a
NUST-CAE
_c
M
_c
33749
999
_c
244017
_d
244017